[Event "Cento op 1st"]
[Site "Cento"]
[Date "2011.02.12"]
[Round "9"]
[White "Buriani, Andrea"]
[Black "Vezzelli, Francesco"]
[Result "1-0"]
[WhiteElo "2171"]
[BlackElo "1905"]
[PlyCount "75"]
[EventDate "2011.02.05"]
[EventType "swiss"]
[EventRounds "9"]
[EventCountry "ITA"]
[SourceTitle "CBM 140 Extra"]
[Source "ChessBase"]
[SourceDate "2011.03.01"]
[SourceVersion "1"]
[SourceVersionDate "2011.03.01"]
[SourceQuality "1"]

1. d4 d5 2. Nf3 Nf6 3. e3 c6 4. Bd3 e6 5. Nbd2 Nbd7 6. Qe2 b6 7. 0-0 Bd6 8. e4 dxe4 9. Nxe4 Nxe4 10. Qxe4 Bb7 11. Qg4 g6 12. Ng5 Nf6 13. Qf3 0-0 14. Qh3 Re8 15. Be3 Rc8 16. Rad1 Qc7 17. Rfe1 a6 18. Qh4 c5 19. dxc5 Bxc5 20. Bxc5 Qxc5 21. Re3 Kg7 22. Rh3 h5 23. Re1 Qa5 24. b4 Qxa2 25. Rg3 e5 26. f3 Qd5 27. Kh1 Qd4 28. Ne4 Nxe4 29. fxe4 Qxb4 30. Rf1 Qe7 31. Qxh5 Rh8 32. Qg4 Rh4 33. Rxf7+ Qxf7 34. Qxh4 Rxc2 35. h3 Rc1+ 36. Kh2 Rc7 37. Qg5 Qe7 38. Qxg6+ 1-0

[Event "Cento op 1st"]
[Site "Cento"]
[Date "2011.02.12"]
[Round "8"]
[White "Vezzelli, Francesco"]
[Black "Martinez, Guido"]
[Result "1-0"]
[WhiteElo "1905"]
[BlackElo "1926"]
[PlyCount "159"]
[EventDate "2011.02.05"]
[EventType "swiss"]
[EventRounds "9"]
[EventCountry "ITA"]
[SourceTitle "CBM 140 Extra"]
[Source "ChessBase"]
[SourceDate "2011.03.01"]
[SourceVersion "1"]
[SourceVersionDate "2011.03.01"]
[SourceQuality "1"]

1. e4 c6 2. d4 d5 3. Nc3 dxe4 4. Nxe4 Bf5 5. Ng3 Bg6 6. Bf4 Nf6 7. c4 e6 8. Nf3 Nbd7 9. Be2 Bb4+ 10. Nd2 Nb6 11. Be3 Qd7 12. 0-0 0-0 13. a3 Be7 14. Nf3 Qc7 15. Qc1 Nbd7 16. b4 Rac8 17. Ne5 Rfd8 18. f4 Nxe5 19. dxe5 Ne4 20. Nxe4 Bxe4 21. Qc3 Rd7 22. Rad1 Rcd8 23. Rxd7 Rxd7 24. Rd1 Rxd1+ 25. Bxd1 Qd8 26. Be2 a6 27. Bd4 Qd7 28. Qe3 Bb1 29. Kf2 h6 30. g3 Bf8 31. Qc3 Qc7 32. Ke3 Be7 33. Qb3 Bg6 34. Qc3 Kf8 35. Bf3 Qd7 36. Ba7 Kg8 37. Qd4 Qc8 38. Kd2 Kf8 39. Kc3 Ke8 40. a4 Qd7 41. Qxd7+ Kxd7 42. c5 Bb1 43. Bb8 Ba2 44. Bd6 g6 45. b5 axb5 46. axb5 Bd8 47. Kb4 Bd5 48. Be2 h5 49. Bf1 Bf3 50. Bb8 Bd5 51. Be2 Be4 52. Ba7 Bd5 53. Bb6 Be7 54. bxc6+ bxc6 55. Ba6 Bf3 56. Ka5 Be4 57. Bc4 Bf3 58. Ka6 Be4 59. Ka7 Bf3 60. Kb8 Be4 61. Ba6 Bd5 62. Bc8+ Ke8 63. Kc7 Bd8+ 64. Kb7 Be7 65. h3 Bf3 66. g4 hxg4 67. hxg4 Bh4 68. f5 gxf5 69. gxf5 Bd5 70. f6 Bf2 71. Kc7 Bd4 72. Kd6 Bc3 73. Bc7 Bd4 74. Ba5 Kf8 75. Be1 Kg8 76. Bg3 Kh7 77. Bd7 Kg8 78. Bxc6 Bc4 79. Ba4 Kh7 80. c6 1-0

[Event "Cento op 1st"]
[Site "Cento"]
[Date "2011.02.06"]
[Round "2"]
[White "Vezzelli, Francesco"]
[Black "Casadei, Mauro"]
[Result "0-1"]
[WhiteElo "1905"]
[BlackElo "2166"]
[PlyCount "58"]
[EventDate "2011.02.05"]
[EventType "swiss"]
[EventRounds "9"]
[EventCountry "ITA"]
[SourceTitle "CBM 140 Extra"]
[Source "ChessBase"]
[SourceDate "2011.03.01"]
[SourceVersion "1"]
[SourceVersionDate "2011.03.01"]
[SourceQuality "1"]

1. e4 e5 2. Nf3 Nc6 3. Bc4 Bc5 4. c3 Nf6 5. d3 a6 6. a4 d6 7. 0-0 Be6 8. Bb3 0-0 9. Bg5 Qe7 10. Nbd2 Bxb3 11. Qxb3 Rab8 12. Rfe1 h6 13. Bh4 g5 14. Bg3 Nh5 15. Nf1 Qf6 16. Ne3 Bxe3 17. Rxe3 Nf4 18. Rd1 Ne6 19. Qc2 Rfd8 20. Ree1 Ne7 21. d4 Ng6 22. dxe5 dxe5 23. Rd5 Nef4 24. Rxd8+ Rxd8 25. Nd2 Nh4 26. Bxh4 gxh4 27. f3 Nxg2 28. Kf2 Nxe1 29. Kxe1 Qf4 0-1

[Event "ITA-ch U12"]
[Site "Cortina d'Ampezzo"]
[Date "2005.07.04"]
[Round "2"]
[White "Vezzelli, Francesco"]
[Black "Aramino, Andrea"]
[Result "1-0"]
[WhiteElo "1525"]
[BlackElo "1386"]
[PlyCount "81"]
[EventDate "2005.07.03"]
[EventType "swiss"]
[EventRounds "9"]
[EventCountry "ITA"]
[SourceTitle "EXT 2024"]
[Source "ChessBase"]
[SourceDate "2023.10.10"]
[SourceVersion "1"]
[SourceVersionDate "2023.10.10"]
[SourceQuality "1"]

1. e4 c5 2. Nf3 Nc6 3. d4 cxd4 4. Nxd4 Nf6 5. Nc3 g6 6. Be3 Bg7 7. Be2 0-0 8. 0-0 d6 9. Bf3 e5 10. Nxc6 bxc6 11. Qd2 Bg4 12. Bxg4 Nxg4 13. Rad1 Qh4 14. h3 Nxe3 15. Qxe3 Bh6 16. Qd3 Rfd8 17. Qa6 d5 18. exd5 cxd5 19. Rxd5 Rxd5 20. Nxd5 Rd8 21. c4 Bf4 22. Qxa7 Re8 23. Nxf4 exf4 24. Qd7 Re4 25. Qg4 Qxg4 26. hxg4 Rxc4 27. Rb1 h5 28. gxh5 gxh5 29. b4 Rc7 30. b5 Rb7 31. a4 h4 32. a5 f3 33. a6 Ra7 34. Rb3 fxg2 35. Kxg2 f5 36. b6 Rxa6 37. b7 Rg6+ 38. Kf1 h3 39. b8Q+ Kf7 40. Qc7+ Ke6 41. Rb6+ 1-0